000 00582nam a2200193 i 4500
001 99148
003 ES-MaACL
005 20230906182441.0
007 t|
008 050902s1969 sp ||||1| spa d
100 1 _aMartín Cano, César.
_977428
245 1 0 _aEnsayo sobre el silencio /
_cpor Cesar Martín Cano; ilustraciones de Manuel Marola.
250 _a[1ª ed.].
260 _aOviedo :
_bRichard Grandio,
_c1969.
300 _a208 p., 2 h. :
_b22 cm.
700 1 _aMarola, Manuel.
_976953
852 _aES-MaACL
_jC-38928
_bR.70941
852 _aES-MaACL
_jE-6074
_bR.90860
999 _c99148
_d99148